Catálogo

LA UNIDAD DE LA EXPERIENCIA FILOSOFICA (Registro nro. 45770)

Detalles MARC
000 -LEADER
fixed length control field 00927nam a2200205 a 4500
001 - CONTROL NUMBER
control field 45770
005 - DATE AND TIME OF LATEST TRANSACTION
control field 20180714025106.0
008 - FIXED-LENGTH DATA ELEMENTS--GENERAL INFORMATION
fixed length control field 140415s1998 sp 000 0 spa d
020 ## - INTERNATIONAL STANDARD BOOK NUMBER
International Standard Book Number 8432132101
041 ## - LANGUAGE CODE
Language code of text/sound track or separate title spa
082 ## - DEWEY DECIMAL CLASSIFICATION NUMBER
Classification number 101
Item number GIL
100 1# - MAIN ENTRY--PERSONAL NAME
Personal name GILSON, ETIENNE
245 13 - TITLE STATEMENT
Title LA UNIDAD DE LA EXPERIENCIA FILOSOFICA
250 ## - EDITION STATEMENT
Edition statement 4ed.
260 ## - PUBLICATION, DISTRIBUTION, ETC.
Place of publication, distribution, etc. ESPAÑA :
Name of publisher, distributor, etc. EDICIONES RIALP,
Date of publication, distribution, etc. 1998
300 ## - PHYSICAL DESCRIPTION
Extent 141
Dimensions 13.5 x 1.8 x 19.9
520 ## - SUMMARY, ETC.
Summary, etc. LA UNIDAD DE LA EXPERIENCIA FILOSÓFICA DE ÉTIENNE GILSON, ES UNA OBRA MAESTRA. EN SU RECORRIDO POR LA HISTORIA DE LA FILOSOFÍA, EL AUTOR MUESTRA QUE ESTA HISTORIA TIENE SENTIDO FILOSÓFICO. CADA DOCTRINA ES UN EXPERIMENTO QUE NOS HA PERMITIDO ACUMULAR UNA EXPERIENCIA DE NOTABLE UNIDAD. ESTE ES SIN DUDA UNO DE ESOS LIBROS QUE AYUDAN A ENTENDER LA FILOSOFÍA.
650 14 - SUBJECT ADDED ENTRY--TOPICAL TERM
Topical term or geographic name entry element EXPERIENCIA
General subdivision FILOSOFIA
-- HISTORIA
740 ## - ADDED ENTRY--UNCONTROLLED RELATED/ANALYTICAL TITLE
Uncontrolled related/analytical title THE UNITY OF PHILOSOPHICAL EXPERIENCE
Existencias
Withdrawn status Lost status Source of classification or shelving scheme Damaged status Not for loan Collection code Home library Current library Shelving location Date acquired Source of acquisition Inventory number Total Checkouts Total Renewals Full call number Barcode Date last seen Date last checked out Price effective from Koha item type
    Dewey Decimal Classification     General Biblioteca Karol Wojtyla Biblioteca Karol Wojtyla Sala general 03/12/2013 Compra 151000000000000000060354 1 1 101 GIL 70143 05/01/2026 11/04/2023 03/12/2013 Libro
    Dewey Decimal Classification     General Biblioteca Karol Wojtyla Biblioteca Karol Wojtyla Sala general 03/12/2013 Compra 151000000000000000060353 1 1 101 GIL 68732 05/01/2026 04/02/2020 03/12/2013 Libro